[Event "POL Region-ch U17"]
[Site "Szczyrk"]
[Date "2012.10.21"]
[Round "4.7"]
[White "Slany, Wiktor"]
[Black "Wielek, Thomas"]
[Result "1/2-1/2"]
[WhiteElo "1622"]
[BlackElo "1835"]
[PlyCount "134"]
[EventDate "2012.10.14"]
[EventType "swiss"]
[EventRounds "9"]
[EventCountry "POL"]
[SourceTitle "EXT 2023"]
[Source "ChessBase"]
[SourceDate "2022.10.05"]
[SourceVersion "1"]
[SourceVersionDate "2022.10.05"]
[SourceQuality "1"]

1. e4 c5 2. Nf3 g6 3. d4 cxd4 4. Nxd4 Bg7 5. c4 Nf6 6. Nc3 d6 7. Bd3 0-0 8. 0-0 Qb6 9. Nc2 Nc6 10. Rb1 Bg4 11. Qe1 Ne5 12. Be2 Bxe2 13. Qxe2 Rfc8 14. b3 a6 15. Nd5 Nxd5 16. exd5 Nxc4 17. Qxe7 Ne5 18. Ne3 Re8 19. Qh4 Nd3 20. Nc4 Qd4 21. Qxd4 Bxd4 22. Be3 Bxe3 23. fxe3 f5 24. Rbd1 Nb4 25. Rd2 b5 26. Nb6 Ra7 27. a3 Rb7 28. axb4 Rxb6 29. Kf2 Rc8 30. Ke2 Kg7 31. Kd3 Rb7 32. Ra1 Kf6 33. Rxa6 Ke5 34. g3 h5 35. Ke2 g5 36. Ra1 Rc3 37. Ra8 Re7 38. Rb8 Rxb3 39. Rxb5 Kf6 40. Rd3 Rb2+ 41. Rd2 Rb3 42. Rb8 Rexe3+ 43. Kf2 f4 44. gxf4 gxf4 45. b5 Rf3+ 46. Kg2 h4 47. Rd1 h3+ 48. Kg1 Rb2 49. Re1 Rd3 50. Rf8+ Kg5 51. Rg8+ Kf5 52. Rf8+ Kg4 53. Rg8+ Kh4 54. Rh8+ Kg4 55. Rg8+ Kf3 56. Rh8 Rg2+ 57. Kh1 Kf2 58. Rb1 Re3 59. Rh4 f3 60. Rxh3 Rg8 61. Rh7 Re1+ 62. Rxe1 Kxe1 63. Re7+ Kf1 64. h3 f2 65. b6 Rg3 66. Kh2 Rg2+ 67. Kh1 Rg1+ 1/2-1/2

[Event "POL-chT U19 2nd League"]
[Site "Borowice"]
[Date "2012.07.26"]
[Round "8"]
[White "Zdonek, Jakub"]
[Black "Slany, Wiktor"]
[Result "0-1"]
[WhiteElo "1437"]
[BlackElo "1641"]
[PlyCount "44"]
[EventDate "2012.07.21"]
[EventType "team-swiss"]
[EventRounds "11"]
[EventCountry "POL"]
[SourceTitle "EXT 2014"]
[Source "ChessBase"]
[SourceDate "2013.11.20"]
[SourceVersion "1"]
[SourceVersionDate "2013.11.20"]
[SourceQuality "1"]
[WhiteTeam "Tarnowskie Gory Strzybniczanka U19"]
[BlackTeam "Gliwice Carbo U19"]
[WhiteTeamCountry "POL"]
[BlackTeamCountry "POL"]

1. d4 d5 2. Nf3 Nc6 3. c4 Bg4 4. e3 e5 5. Be2 Bxf3 6. Bxf3 e4 7. Be2 Nf6 8. Bd2 Qd7 9. c5 Be7 10. b4 0-0 11. 0-0 Nd8 12. a4 Ne6 13. Bg4 Nxg4 14. Qxg4 Nxc5 15. Qxd7 Nxd7 16. f3 exf3 17. Rxf3 Nb6 18. Bc3 Rfe8 19. Nd2 Bg5 20. Rd1 Nxa4 21. Nb1 Nb6 22. Bd2 Nc4 0-1

[Event "POL-chT U19 2nd League"]
[Site "Chelm Lubelski"]
[Date "2010.07.13"]
[Round "10"]
[White "Sliwicki, Damian"]
[Black "Slany, Wiktor"]
[Result "1/2-1/2"]
[WhiteElo "1890"]
[BlackElo "1522"]
[PlyCount "87"]
[EventDate "2010.07.06"]
[EventType "team-tourn"]
[EventRounds "11"]
[EventCountry "POL"]
[SourceTitle "EXT 2011"]
[Source "ChessBase"]
[SourceDate "2010.11.26"]
[SourceVersion "1"]
[SourceVersionDate "2010.11.26"]
[SourceQuality "1"]
[WhiteTeam "Bydgoszcz Hetman U19"]
[BlackTeam "Gliwice Carbo U19"]
[WhiteTeamCountry "POL"]
[BlackTeamCountry "POL"]

1. e4 e5 2. Nf3 Nc6 3. Bc4 Nf6 4. d4 exd4 5. 0-0 Nxe4 6. Re1 d5 7. Bxd5 Qxd5 8. Nc3 Qh5 9. Nxe4 Be6 10. Bg5 Bd6 11. Nxd6+ cxd6 12. Bf4 Qd5 13. c3 Rc8 14. cxd4 Kd7 15. h3 Rhe8 16. Re3 h6 17. a3 g5 18. Bh2 g4 19. hxg4 Bxg4 20. Qb3 Bxf3 21. Rxf3 Qxb3 22. Rxb3 b6 23. Kf1 Re4 24. Rd1 Rce8 25. Rh3 Rxd4 26. Rxd4 Nxd4 27. Rd3 Re4 28. f3 Rh4 29. Bxd6 Kxd6 30. g3 Rh2 31. Rxd4+ Ke6 32. b3 Ra2 33. a4 a5 34. Rh4 Rb2 35. Rxh6+ f6 36. g4 Rxb3 37. Kf2 Ke5 38. Rh5+ Ke6 39. Rh6 Kf7 40. Rh7+ Kg6 41. Re7 Rb4 42. Re4 Kg5 43. Kg3 b5 44. axb5 1/2-1/2

[Event "POL-chT U19 2nd League"]
[Site "Chelm Lubelski"]
[Date "2010.07.10"]
[Round "6"]
[White "Slany, Wiktor"]
[Black "Zarnowski, Krzysztof"]
[Result "1-0"]
[WhiteElo "1522"]
[BlackElo "1670"]
[PlyCount "65"]
[EventDate "2010.07.06"]
[EventType "team-tourn"]
[EventRounds "11"]
[EventCountry "POL"]
[SourceTitle "EXT 2011"]
[Source "ChessBase"]
[SourceDate "2010.11.26"]
[SourceVersion "1"]
[SourceVersionDate "2010.11.26"]
[SourceQuality "1"]
[WhiteTeam "Gliwice Carbo U19"]
[BlackTeam "Gorlice GKSz Kornuty U19"]
[WhiteTeamCountry "POL"]
[BlackTeamCountry "POL"]

1. e4 e5 2. Nf3 Nc6 3. Nc3 Nf6 4. Bb5 Bc5 5. 0-0 0-0 6. Nxe5 Nxe5 7. d4 Bd6 8. dxe5 Bxe5 9. Bd3 Bxc3 10. bxc3 h6 11. e5 Nd5 12. Qf3 Ne7 13. Qg3 Kh8 14. f4 f5 15. exf6 Rxf6 16. Qh4 Qf8 17. c4 Nf5 18. Qh5 Qc5+ 19. Rf2 g6 20. Qe2 Re6 21. Bb2+ Kh7 22. Qd2 Qe7 23. Qc3 Qg7 24. Bxf5 Qxc3 25. Bxg6+ Rxg6 26. Bxc3 Rc6 27. f5 d5 28. f6 Bd7 29. f7 Rf8 30. Bb4 Kg7 31. Bxf8+ Kxf8 32. cxd5 Rd6 33. c4 1-0

[Event "POL-chT U19 2nd League"]
[Site "Chelm Lubelski"]
[Date "2010.07.09"]
[Round "5"]
[White "Szurek, Dagmara"]
[Black "Slany, Wiktor"]
[Result "0-1"]
[WhiteElo "1644"]
[BlackElo "1522"]
[PlyCount "64"]
[EventDate "2010.07.06"]
[EventType "team-tourn"]
[EventRounds "11"]
[EventCountry "POL"]
[SourceTitle "EXT 2011"]
[Source "ChessBase"]
[SourceDate "2010.11.26"]
[SourceVersion "1"]
[SourceVersionDate "2010.11.26"]
[SourceQuality "1"]
[WhiteTeam "Rydultowy Ognisko U19"]
[BlackTeam "Gliwice Carbo U19"]
[WhiteTeamCountry "POL"]
[BlackTeamCountry "POL"]

1. e4 e5 2. Nf3 Nc6 3. d4 exd4 4. Nxd4 Bc5 5. Be3 Qf6 6. Nb5 Bxe3 7. fxe3 Qh4+ 8. g3 Qxe4 9. Nxc7+ Kd8 10. Nxa8 Qxh1 11. Qd6 Nf6 12. Nd2 Ne8 13. Qf4 Qd5 14. 0-0-0 Qxa2 15. Bc4 Qa4 16. Qxf7 Ne5 17. Qf4 Nxc4 18. Nxc4 h6 19. Rd4 g5 20. Qf5 Qb4 21. c3 Rf8 22. Qh3 Qe7 23. Qg2 b5 24. Na5 Qxe3+ 25. Kb1 Qe1+ 26. Ka2 Qe6+ 27. Ka3 Nd6 28. Nc6+ dxc6 29. Qxc6 b4+ 30. Rxb4 Rf1 31. c4 Ra1+ 32. Kb3 Qe3+ 0-1

[Event "POL-chT U19 2nd League"]
[Site "Chelm Lubelski"]
[Date "2010.07.07"]
[Round "3"]
[White "Kaczmarek, Aleksander"]
[Black "Slany, Wiktor"]
[Result "1-0"]
[WhiteElo "2012"]
[BlackElo "1522"]
[PlyCount "77"]
[EventDate "2010.07.06"]
[EventType "team-tourn"]
[EventRounds "11"]
[EventCountry "POL"]
[SourceTitle "EXT 2011"]
[Source "ChessBase"]
[SourceDate "2010.11.26"]
[SourceVersion "1"]
[SourceVersionDate "2010.11.26"]
[SourceQuality "1"]
[WhiteTeam "Kielce KMKSz Victoria U19"]
[BlackTeam "Gliwice Carbo U19"]
[WhiteTeamCountry "POL"]
[BlackTeamCountry "POL"]

1. e4 e5 2. Nf3 Nc6 3. Nc3 Nf6 4. a3 Bc5 5. Nxe5 Nxe5 6. d4 Bd6 7. f4 Nc6 8. d5 Nb8 9. e5 Qe7 10. Be2 Bxe5 11. fxe5 Qxe5 12. 0-0 Qe7 13. Kh1 0-0 14. Bg5 d6 15. Bxf6 gxf6 16. Qd2 Qe5 17. Rf4 Kh8 18. Raf1 Qg5 19. Ne4 Qg6 20. Nxf6 Nd7 21. Rg4 Nxf6 22. Rxg6 fxg6 23. g4 Bxg4 24. Bxg4 Nxg4 25. Qc3+ Kg8 26. Rxf8+ Rxf8 27. h3 Rf2 28. Kg1 Nf6 29. Qxc7 Ne4 30. Qb8+ Kg7 31. Qxa7 Rxc2 32. Qxb7+ Kh6 33. Qb3 Rc1+ 34. Kg2 Re1 35. Qd3 Kh5 36. b4 Ng5 37. b5 Ra1 38. Qc4 Rb1 39. Qg4+ 1-0